书目信息 |
| 题名: |
二十世纪最伟大的英文歌曲
|
|
| 作者: | 范咏涛 编著 | |
| 分册: | ||
| 出版信息: | 成都 四川文艺出版社 2003 |
|
| 页数: | 288页 | |
| 开本: | 23cm | |
| 丛书名: | ||
| 单 册: | ||
| 中图分类: | J625 | |
| 科图分类: | ||
| 主题词: | 英语--歌曲--二十世纪 | |
| 电子资源: | ||
| ISBN: | 7-5411-2194-0 | |
| 000 | 01099nam0 2200313 450 | |
| 000 | 01062nam0 2200301 450 | |
| 000 | 01031nam0 2200301 450 | |
| 000 | 00977nam0 2200277 450 | |
| 000 | 00984nam0 2200265 450 | |
| 000 | 00947nam0 2200253 45 | |
| 001 | TS2006024676 | |
| 005 | 20061211084923.14 | |
| 010 | @a7-5411-2194-0@dCNY22.00 | |
| 100 | @a20060829d20042003ekmy0chiy0120 ea | |
| 101 | 0 | @achi@ceng |
| 102 | @aCN@b510100 | |
| 105 | @aag a 000yy | |
| 200 | 1 | @a二十世纪最伟大的英文歌曲@AEr Shi Shi Ji Zui Wei Da De Ying Wen Ge Qu@dGreat songs from the 20th century@f范咏涛编著@FFan Yong Tao Bian Zhu@zeng |
| 210 | @a成都@c四川文艺出版社@d2003@h2004重印 | |
| 215 | @a288页@c图@d23cm | |
| 320 | @a有书目:282-288页 | |
| 330 | @a本歌集选入了主题多样、风格迥异、流行于20世纪不同年代的66首歌曲作品。 | |
| 606 | 0 | @a英语@x歌曲@z二十世纪 |
| 690 | @aJ625@v4 | |
| 701 | 0 | @a范咏涛@AFan Yong Tao@4编著 |
| 801 | 0 | @aCN@b中图数据@c20061211 |
| 905 | @a10447@dJ625@e148 | |
| 二十世纪最伟大的英文歌曲=Great songs from the 20th century/范咏涛编著.-成都:四川文艺出版社,2003(2004重印) |
| 288页:图;23cm |
| ISBN 7-5411-2194-0:CNY22.00 |
| 本歌集选入了主题多样、风格迥异、流行于20世纪不同年代的66首歌曲作品。 |
| ● |
| 相关链接 |
|
|
|
|
正题名:二十世纪最伟大的英文歌曲
索取号:J625/148
 
预约/预借
| 序号 | 登录号 | 条形码 | 馆藏地/架位号 | 状态 | 备注 |
| 1 | 0610388 | 206103884 | 第一样本阅览室/ [索取号:J625/148] | 在馆 | |
| 2 | 0610389 | 206103893 | 第一借阅区/ [索取号:J625/148] | 在馆 | |
| 3 | 0610390 | 206103900 | 第一借阅区/ [索取号:J625/148] | 在馆 | |
| 4 | 0610391 | 206103919 | 第一借阅区/ [索取号:J625/148] | 在馆 |